Análisis del efecto de las variables críticas del proceso de moldeo por inyección sobre las variables de calidad del producto
Сохранить в:
| Главный автор: | |
|---|---|
| Другие авторы: | |
| Формат: | |
| Язык: | Spanish |
| Опубликовано: |
San José, Costa Rica
2003
|
| Предметы: | |
| Метки: |
Добавить метку
Нет меток, Требуется 1-ая метка записи!
|
MARC
| LEADER | 00000nam a2200000Ia 4500 | ||
|---|---|---|---|
| 003 | 009116 | ||
| 005 | 20240125102445.0 | ||
| 008 | 140114s2003 cr a m 000 ||spa d | ||
| 040 | |c cru CEDI | ||
| 090 | |a TFG 4659 | ||
| 100 | |a Burgos Evsioukova, Victoria, 1977- |9 2214 | ||
| 245 | |a Análisis del efecto de las variables críticas del proceso de moldeo por inyección sobre las variables de calidad del producto | ||
| 260 | |a San José, Costa Rica |c 2003 | ||
| 300 | |a [xiv], 110 hojas : ilustraciones, (algunas a color) | ||
| 500 | |a Proyecto de graduación (licenciatura en ingeniería química)--Universidad de Costa Rica. Facultad de Ingeniería. Escuela de Ingeniería Química | ||
| 501 | |a Director de Proyecto de Graduación: Ing. Gerardo Chacón Valle, M.Sc. | ||
| 650 | |x POLIMEROS |x PLASTICOS |x CALIDAD INDUSTRIAL |x MOLDEO POR INYECCION DE PLASTICOS |9 7104 | ||
| 700 | |a Chacón Valle, Gerardo, 1945- |d Director del TFG |9 52 | ||
| 942 | |c TFG |h TFG 4659 |i 009116 |6 TFG_4659_009116000000000 | ||
| 999 | |c 17819 |d 17819 | ||
